Loading...

Ancient India

Bibliografiske detaljer
Hovedforfatter: Mahajan, V D
Format: Printed Book
Udgivet: New Delhi, S Chand & Company Ltd 1960
Udgivelse:Ed.13
Fag:
LEADER 005300000a22002050004500
022 |a 14-06-2004 
041 |a English 
082 |a 954 K0 
100 |a Mahajan, V D 
245 |a Ancient India 
250 |a Ed.13 
260 |a New Delhi, S Chand & Company Ltd 
260 |c 1960 
465 |a R 70 
650 |a Haroppa Culture 
650 |a History 
650 |a India 
942 |c BK 
999 |c 143200  |d 143196 
952 |0 0  |1 0  |4 0  |6 954_000000000000000_K0  |7 0  |9 141982  |a SCC  |b SCC  |d 2017-10-11  |l 0  |o 954 K0  |p SCC06987  |r 2017-10-11  |w 2017-10-11  |y BK